000 00508nam a2200145Ia 4500
008 140724s9999 xx 000 0 und d
050 _aTD 56.8
_b.L776 2013
100 _aLittaua, Jose Roberto A.
245 _aAutomated Library System for Veritas Parochial School /
_cJose Roberto A. Littaua.
260 _aLas PiƱas, Philippines :
_bSouthville International School and Colleges,
_cc2013.
300 _a127 p. :
_bcol. Ill. ;
_c28 cm.
521 _aInformation Technology
942 _cTH
999 _c228959
_d228959